Biblia sagrada (Record no. 152097)

MARC details
000 -LEADER
campo de control de longitud fija 00670nam a2200181 i 4500
001 - NÚMERO DE CONTROL
campo de control 152097
003 - IDENTIFICADOR DE NÚMERO DE CONTROL
campo de control ES-MaACL
005 - FECHA Y HORA DE LA ÚLTIMA TRANSACCIÓN
campo de control 20230906204531.0
008 - DATOS DE LONGITUD FIJA--INFORMACIÓN GENERAL
campo de control de longitud fija 970226s1865 xxk |||| | por d
040 ## - FUENTE DE CATALOGACIÓN
Centro catalogador/agencia de origen CLM
Lengua de catalogación spa
Centro/agencia transcriptor CCPB | SIC
130 0# - ENTRADA PRINCIPAL--TÍTULO UNIFORME
Título uniforme Biblia.
Lenguaje de la obra Portugués.
9 (RLIN) 119314
245 10 - MENCIÓN DEL TÍTULO
Título Biblia sagrada
Resto del título : contendo o velho e o novo testamento /
Mención de responsabilidad, etc. traduzido em portuguez segundo a Vulgata Latina por Antonio Pereira de Figueiredo.
260 ## - PUBLICACIÓN, DISTRIBUCIÓN, ETC.
Lugar de publicación, distribución, etc. Londres :
Nombre del editor, distribuidor, etc. [s.n.],
Fecha de publicación, distribución, etc. 1865 (
Fabricante Na officina de W. Clowes e Filhos)
300 ## - DESCRIPCIÓN FÍSICA
Extensión 1222 p. ;
Dimensiones 24 cm.
700 1# - ENTRADA AGREGADA--NOMBRE PERSONAL
Nombre de persona Figueiredo, Antonio Pereira de.
9 (RLIN) 127074
852 ## - LOCALIZACIÓN
Ubicación ES-MaACL
Número de control de estantería G-11049
Nota libre -- Enc. piel
Holdings
Estatus retirado Estado de pérdida Estado de daño No para préstamo Colección Biblioteca de origen Biblioteca actual Ubicación en estantería Fecha de adquisición Fuente de adquisición Total de préstamos Signatura topográfica completa Código de barras Visto por última vez Precio de reemplazo Tipo de ítem Koha
        Libros del s. XIX Biblioteca del Ateneo de Madrid Biblioteca del Ateneo de Madrid Sala Pecera Planta 3 17/01/2008     G-11049 1158767 23/02/2023 23/02/2023 Libro impreso antiguo